000 00286nam a2200109 4500
999 _c12342
_d12342
008 190123b ||||| |||| 00| 0 eng d
245 _aNew hope against cancer.
260 _aPhilippines
_bThe Philippine Star
_cc2018
300 _apage D1.
650 0 _934855
_aCancer.
942 _2ddc
_cPER